[Event "Anogia op 7th"]
[Site "Anogia"]
[Date "2018.08.21"]
[Round "6"]
[White "Anagnostopoulos, Konstantinos"]
[Black "Lazaridis, Stavros"]
[Result "1-0"]
[WhiteElo "2327"]
[BlackElo "2066"]
[PlyCount "71"]
[EventDate "2018.08.17"]
[EventType "swiss"]
[EventRounds "9"]
[EventCountry "GRE"]
[SourceTitle "CBM 186 Extra"]
[Source "ChessBase"]
[SourceDate "2018.08.24"]
[SourceVersion "1"]
[SourceVersionDate "2018.08.24"]
[SourceQuality "1"]

1. d4 Nf6 2. c4 c5 3. d5 e6 4. Nc3 exd5 5. cxd5 d6 6. e4 g6 7. f4 Bg7 8. Bb5+ Nfd7 9. Be2 0-0 10. Nf3 Na6 11. 0-0 Nc7 12. a4 a6 13. f5 Ne5 14. Qe1 Rb8 15. Qg3 Nxf3+ 16. Rxf3 Be5 17. Bf4 Re8 18. Raf1 Bd7 19. h4 Kh8 20. Bxe5+ Rxe5 21. fxg6 fxg6 22. Rf6 Be8 23. h5 Qe7 24. h6 Kg8 25. Qf4 Rf5 26. Rxf5 gxf5 27. Qg3+ Kh8 28. exf5 Qe5 29. Qxe5+ dxe5 30. d6 Na8 31. f6 Kg8 32. Ne4 Rd8 33. Bc4+ Bf7 34. Bxf7+ Kxf7 35. Ng5+ Kg6 36. Ne6 1-0

[Event "Anogia op 7th"]
[Site "Anogia"]
[Date "2018.08.20"]
[Round "5"]
[White "Lazaridis, Stavros"]
[Black "Alexiadis, Hristos"]
[Result "0-1"]
[WhiteElo "2066"]
[BlackElo "2232"]
[PlyCount "72"]
[EventDate "2018.08.17"]
[EventType "swiss"]
[EventRounds "9"]
[EventCountry "GRE"]
[SourceTitle "CBM 186 Extra"]
[Source "ChessBase"]
[SourceDate "2018.08.24"]
[SourceVersion "1"]
[SourceVersionDate "2018.08.24"]
[SourceQuality "1"]

1. e4 c5 2. Nf3 d6 3. d4 cxd4 4. Nxd4 Nf6 5. Nc3 a6 6. Be2 e5 7. Nb3 Be7 8. 0-0 0-0 9. Be3 Be6 10. Nd5 Nbd7 11. Qd3 Bxd5 12. exd5 Nc5 13. Qd2 Nfe4 14. Qb4 Qc7 15. f3 Nf6 16. Rfd1 Nfd7 17. c4 f5 18. Qd2 a5 19. Rac1 Bf6 20. Nxc5 Nxc5 21. b3 f4 22. Bf2 e4 23. fxe4 Nxe4 24. Qd3 Nxf2 25. Kxf2 Qc5+ 26. Kf1 Rae8 27. Bg4 Bh4 28. Rc2 Re3 29. Qd2 b6 30. Be2 Rfe8 31. Qd4 Qc8 32. Rd3 Qf5 33. Rdd2 f3 34. gxf3 Rxf3+ 35. Kg2 Rf2+ 36. Kh1 Qf3+ 0-1

[Event "Heraklion Gazi op 13th"]
[Site "Heraklion"]
[Date "2017.08.02"]
[Round "6"]
[White "Megalios, Konstantinos"]
[Black "Lazaridis, Stavros"]
[Result "1/2-1/2"]
[WhiteElo "2254"]
[BlackElo "2038"]
[PlyCount "43"]
[EventDate "2017.07.28"]
[EventType "swiss"]
[EventRounds "9"]
[EventCountry "GRE"]
[SourceTitle "CBM 179 Extra"]
[Source "ChessBase"]
[SourceDate "2017.08.23"]
[SourceVersion "1"]
[SourceVersionDate "2017.08.23"]
[SourceQuality "1"]

1. d4 Nf6 2. Nf3 g6 3. Bg5 Bg7 4. Nbd2 c5 5. Bxf6 Bxf6 6. Ne4 Qb6 7. Nxf6+ Qxf6 8. c3 cxd4 9. Qxd4 Qxd4 10. cxd4 d5 11. e3 a6 12. Rc1 Nc6 13. Rc5 e6 14. h4 f6 15. g4 h6 16. Bd3 Kf7 17. Rg1 g5 18. Kd2 Bd7 19. e4 dxe4 20. Bxe4 Rad8 21. Ke3 Rhe8 22. hxg5 1/2-1/2

[Event "Heraklion Gazi op 13th"]
[Site "Heraklion"]
[Date "2017.07.30"]
[Round "3"]
[White "Lazaridis, Stavros"]
[Black "Kotronias, Vasilios"]
[Result "1-0"]
[WhiteElo "2038"]
[BlackElo "2489"]
[PlyCount "125"]
[EventDate "2017.07.28"]
[EventType "swiss"]
[EventRounds "9"]
[EventCountry "GRE"]
[SourceTitle "CBM 179 Extra"]
[Source "ChessBase"]
[SourceDate "2017.08.23"]
[SourceVersion "1"]
[SourceVersionDate "2017.08.23"]
[SourceQuality "1"]

1. e4 c6 2. d4 d5 3. e5 c5 4. c3 cxd4 5. cxd4 Nc6 6. Be3 Bf5 7. Bd3 Bxd3 8. Qxd3 e6 9. Ne2 Bb4+ 10. Nd2 f6 11. f4 Nh6 12. h3 fxe5 13. dxe5 Nf5 14. Bf2 Qa5 15. g4 Nfe7 16. a3 h5 17. Rg1 hxg4 18. hxg4 Bxd2+ 19. Qxd2 Qxd2+ 20. Kxd2 g5 21. fxg5 Ng6 22. Rh1 0-0 23. Bc5 Rf3 24. Rh6 Ncxe5 25. Rah1 Rd3+ 26. Ke1 Rc8 27. Bd4 Nf3+ 28. Kf2 Nxd4 29. Rxg6+ Kf7 30. Rf6+ Ke7 31. Nc3 Kd6 32. Rh7 Rg8 33. g6 Ke5 34. Rhf7 Rd2+ 35. Kg3 Rxb2 36. Kh4 Rb3 37. Nd1 Rxa3 38. Rf8 b5 39. Kg5 Rxg6+ 40. Kxg6 Rg3 41. g5 a5 42. Kh6 Nf5+ 43. Rxf5+ exf5 44. g6 Rh3+ 45. Kg7 a4 46. Ra8 Rd3 47. Nf2 Rf3 48. Nh1 a3 49. Kf7 Rc3 50. g7 Rc7+ 51. Kg6 Rxg7+ 52. Kxg7 b4 53. Ra4 Kd4 54. Rxb4+ Kc3 55. Ra4 Kb3 56. Ra7 f4 57. Nf2 f3 58. Nd3 d4 59. Kf6 a2 60. Ke5 f2 61. Nxf2 Kb2 62. Nd3+ Kb1 63. Rb7+ 1-0

[Event "Aegean op 39th"]
[Site "Aghios Kirykos"]
[Date "2016.07.11"]
[Round "1"]
[White "Bardis, Harilaos Panagiotis"]
[Black "Lazaridis, Stavros"]
[Result "0-1"]
[WhiteElo "1586"]
[BlackElo "2044"]
[PlyCount "80"]
[EventDate "2016.07.11"]
[EventType "swiss"]
[EventRounds "9"]
[EventCountry "GRE"]
[SourceTitle "EXT 2017"]
[Source "ChessBase"]
[SourceDate "2016.10.25"]
[SourceVersion "1"]
[SourceVersionDate "2016.10.25"]
[SourceQuality "1"]

1. d4 Nf6 2. c4 c5 3. e3 g6 4. Nc3 Bg7 5. Nf3 0-0 6. Bd3 d6 7. 0-0 Nc6 8. d5 Nb4 9. Bb1 e6 10. a3 Na6 11. e4 Nc7 12. h3 a6 13. a4 b6 14. Bf4 Nh5 15. Bg5 Qd7 16. Qd2 e5 17. Bc2 f5 18. exf5 gxf5 19. Bh6 Rf6 20. Bg5 Rf7 21. Bh6 Qe7 22. Qg5 Qxg5 23. Bxg5 Bd7 24. Bd2 h6 25. Nh4 Ne8 26. g4 fxg4 27. Bg6 Nef6 28. hxg4 Bxg4 29. f3 Bh3 30. Bxf7+ Kxf7 31. Rf2 Nf4 32. Bxf4 exf4 33. Re1 Nh5 34. Kh2 Bd7 35. Ne4 Be5 36. Ng2 Rg8 37. Ree2 Rg3 38. Ne1 Rh3+ 39. Kg1 Ng3 40. Nd3 Rh1+ 0-1

[Event "Aegean op 37th"]
[Site "Aghios Kirykos"]
[Date "2014.07.18"]
[Round "8"]
[White "Lazaridis, Stavros"]
[Black "Karagiannis, Athanasios"]
[Result "0-1"]
[WhiteElo "2060"]
[BlackElo "2207"]
[PlyCount "64"]
[EventDate "2014.07.12"]
[EventType "swiss"]
[EventRounds "9"]
[EventCountry "GRE"]
[SourceTitle "CBM 161 Extra"]
[Source "ChessBase"]
[SourceDate "2014.08.29"]
[SourceVersion "1"]
[SourceVersionDate "2014.08.29"]
[SourceQuality "1"]

1. e4 c5 2. Nf3 e6 3. d4 cxd4 4. Nxd4 a6 5. Be2 Nf6 6. Nc3 Bb4 7. Qd3 d5 8. exd5 e5 9. Nb3 Nxd5 10. Qg3 0-0 11. 0-0 Bxc3 12. bxc3 Qf6 13. Rd1 Nf4 14. Bf1 Nc6 15. Ba3 Rd8 16. Nc5 Rxd1 17. Rxd1 Qe7 18. c4 Qc7 19. Ne4 Be6 20. Bd6 Qa5 21. c5 Ng6 22. h4 Qa4 23. Bd3 Bc4 24. Re1 Bxd3 25. cxd3 Qb4 26. Rd1 Nd4 27. Qe3 Qa4 28. Rb1 Qxa2 29. Rxb7 Qa1+ 30. Kh2 Qd1 31. f3 Nxh4 32. Nf2 Qf1 0-1

[Event "Pirgou Sphlios op 2nd"]
[Site "Greece"]
[Date "2007.08.16"]
[Round "1"]
[White "Lazaridis, Stavros"]
[Black "Vlahakis, Nektarios"]
[Result "1-0"]
[WhiteElo "2180"]
[BlackElo "1120"]
[PlyCount "53"]
[EventDate "2007.08.16"]
[EventType "swiss"]
[EventRounds "7"]
[EventCountry "GRE"]
[SourceTitle "EXT 2008"]
[Source "ChessBase"]
[SourceDate "2007.11.25"]
[SourceVersion "1"]
[SourceVersionDate "2007.11.25"]
[SourceQuality "1"]

1. e4 e5 2. Nf3 Nc6 3. Bc4 Nf6 4. d4 Nxd4 5. Bxf7+ Kxf7 6. Nxe5+ Ke8 7. Qxd4 d6 8. Nd3 c5 9. Qc4 a6 10. a4 Bd7 11. Nf4 b5 12. Qe2 bxa4 13. 0-0 Qe7 14. Nc3 Bc6 15. Re1 Kd7 16. Nxa4 Bb5 17. c4 Bxa4 18. Rxa4 g6 19. Bd2 Bg7 20. Bc3 Rhe8 21. Nd5 Nxd5 22. cxd5 Bxc3 23. bxc3 Qe5 24. Rxa6 Rxa6 25. Qxa6 Qxc3 26. Qa7+ Kd8 27. Rb1 1-0

[Event "Crete Summer Cup 2nd"]
[Site "Agios Nikolaos"]
[Date "2007.07.23"]
[Round "3"]
[White "Lazaridis, Stavros"]
[Black "Tsilidis, Alexandros"]
[Result "0-1"]
[WhiteElo "2187"]
[BlackElo "2310"]
[PlyCount "174"]
[EventDate "2007.07.21"]
[EventType "swiss"]
[EventRounds "9"]
[EventCountry "GRE"]
[SourceTitle "CBM 119 Extra"]
[Source "ChessBase"]
[SourceDate "2007.09.04"]
[SourceVersion "1"]
[SourceVersionDate "2007.09.04"]
[SourceQuality "1"]

1. e4 c5 2. Nf3 Nc6 3. d4 cxd4 4. Nxd4 Nf6 5. Nc3 e5 6. Ndb5 d6 7. a4 a6 8. Na3 Be6 9. Bg5 Be7 10. Nc4 Nd4 11. Bxf6 Bxf6 12. Ne3 0-0 13. Ncd5 Bg5 14. c3 Bxe3 15. Nxe3 Nb3 16. Ra3 Nc5 17. Bd3 b5 18. Bc2 bxa4 19. Bxa4 Qb6 20. Qb1 Rab8 21. b4 a5 22. b5 Nxa4 23. Rxa4 Qxb5 24. Qxb5 Rxb5 25. 0-0 Bb3 26. Raa1 a4 27. f3 g6 28. g4 Rc8 29. Rfc1 Rbc5 30. c4 Rb8 31. Rc3 Rb4 32. Rb1 Ra5 33. Kf2 Kg7 34. h4 Rb8 35. Kg3 Rc8 36. Kf2 Rac5 37. Rbc1 Kf8 38. Ke2 Ke7 39. Kd3 Ke6 40. Rg1 Rh8 41. Ra1 h5 42. g5 f5 43. gxf6 Kxf6 44. Nd5+ Kg7 45. Rac1 Rf8 46. Ke3 Kh6 47. Kf2 Rfc8 48. Ne3 Rb8 49. Rb1 Rc6 50. Kg3 Rcb6 51. Ra1 Ra6 52. Rb1 Rab6 53. Nd5 R6b7 54. Ne3 Ra8 55. Kf2 Rf7 56. Kg3 Raf8 57. Nd5 g5 58. hxg5+ Kxg5 59. Rf1 h4+ 60. Kg2 Kh5 61. Re1 Rg7+ 62. Kf2 Rb7 63. Rb1 Ra8 64. Ne3 a3 65. Rcxb3 Rxb3 66. Rxb3 a2 67. Nc2 a1Q 68. Nxa1 Rxa1 69. c5 dxc5 70. Rc3 Ra2+ 71. Kg1 Kg5 72. Rxc5 Kf4 73. Rc8 h3 74. Rh8 Kg3 75. Rg8+ Kxf3 76. Rh8 Rg2+ 77. Kh1 Rg4 78. Kh2 Kxe4 79. Kxh3 Rg7 80. Ra8 Kf4 81. Ra1 e4 82. Kh2 Kf3 83. Ra8 e3 84. Rf8+ Ke2 85. Rd8 Ke1 86. Ra8 e2 87. Rf8 Rd7 0-1

[Event "Aegean op 30th"]
[Site "Aghios Kirykos"]
[Date "2007.07.15"]
[Round "9"]
[White "Xylogiannopoulos, Antonios"]
[Black "Lazaridis, Stavros"]
[Result "0-1"]
[WhiteElo "1930"]
[BlackElo "2187"]
[PlyCount "60"]
[EventDate "2007.07.07"]
[EventType "swiss"]
[EventRounds "9"]
[EventCountry "GRE"]
[SourceTitle "CBM 119 Extra"]
[Source "ChessBase"]
[SourceDate "2007.09.04"]
[SourceVersion "1"]
[SourceVersionDate "2007.09.04"]
[SourceQuality "1"]

1. d4 Nf6 2. c4 c5 3. d5 e6 4. Nc3 exd5 5. cxd5 d6 6. Nf3 g6 7. e4 Bg7 8. Bf4 0-0 9. Bd3 a6 10. a4 Bg4 11. 0-0 Qe7 12. h3 Bxf3 13. Qxf3 Nh5 14. Bh2 Nd7 15. Rfe1 Ne5 16. Qe2 Qh4 17. Nd1 Nf4 18. Bxf4 Qxf4 19. Ne3 Rfe8 20. Nc4 Nxc4 21. Bxc4 Bd4 22. Rab1 Re7 23. Qf3 Qe5 24. Re2 Rb8 25. b4 cxb4 26. Rxb4 Rc8 27. Qd3 Rec7 28. Rc2 f5 29. exf5 Qe1+ 30. Kh2 Be5+ 0-1

[Event "Ambelokipi 2nd"]
[Site "Athens"]
[Date "2007.05.07"]
[Round "1"]
[White "Lazaridis, Stavros"]
[Black "Koerant, Filipos"]
[Result "1-0"]
[WhiteElo "2214"]
[BlackElo "2107"]
[PlyCount "73"]
[EventDate "2007.03.15"]
[EventType "tourn"]
[EventRounds "9"]
[EventCountry "GRE"]
[SourceTitle "EXT 2008"]
[Source "ChessBase"]
[SourceDate "2007.11.25"]
[SourceVersion "1"]
[SourceVersionDate "2007.11.25"]
[SourceQuality "1"]

1. e4 d5 2. exd5 Qxd5 3. Nc3 Qd6 4. d4 Nf6 5. Bd3 a6 6. Nge2 e6 7. Bf4 Qd8 8. Qd2 Bd6 9. 0-0-0 b5 10. Ne4 Nd5 11. Bg5 Be7 12. h4 Nd7 13. Nf4 N7f6 14. Nxf6+ Bxf6 15. Bxf6 Nxf6 16. d5 Nxd5 17. Be4 c6 18. Nh5 0-0 19. Rh3 f5 20. Qd4 Rf7 21. Bf3 Raa7 22. Bxd5 cxd5 23. Rg3 Qe7 24. Rdd3 Rc7 25. Nxg7 Rxg7 26. Rxg7+ Qxg7 27. Rg3 Qxg3 28. fxg3 Rc4 29. Qf6 b4 30. h5 Bd7 31. Qd8+ Kf7 32. Qxd7+ Kf6 33. Qxh7 Rg4 34. Qh8+ Kf7 35. Qe5 Re4 36. Qc7+ Kf6 37. h6 1-0

[Event "Ambelokipi 2nd"]
[Site "Athens"]
[Date "2007.03.17"]
[Round "3"]
[White "Lazaridis, Stavros"]
[Black "Poteas, Ioannis"]
[Result "1/2-1/2"]
[WhiteElo "2214"]
[BlackElo "2160"]
[PlyCount "70"]
[EventDate "2007.03.15"]
[EventType "tourn"]
[EventRounds "9"]
[EventCountry "GRE"]
[SourceTitle "EXT 2008"]
[Source "ChessBase"]
[SourceDate "2007.11.25"]
[SourceVersion "1"]
[SourceVersionDate "2007.11.25"]
[SourceQuality "1"]

1. e4 e6 2. d4 d5 3. e5 c5 4. c3 Nc6 5. Be3 cxd4 6. cxd4 Qb6 7. Qd2 Bb4 8. Nc3 Bd7 9. Nge2 Na5 10. Ng3 Rc8 11. Rc1 Nc4 12. Bxc4 Rxc4 13. 0-0 Ne7 14. Nh5 Rg8 15. a3 Bxc3 16. Rxc3 Rxc3 17. Qxc3 Bb5 18. Rc1 Kd7 19. Qd2 Bc4 20. g4 Qb5 21. Rc3 Ng6 22. f4 Ne7 23. Qc2 Qb6 24. b3 Ba6 25. a4 Qb4 26. Rc7+ Kd8 27. Kf2 Qb6 28. Rc5 Qb4 29. f5 Nc6 30. Rxc6 bxc6 31. Qxc6 Bb7 32. Bg5+ f6 33. exf6 Qxd4+ 34. Kg3 Qg1+ 35. Kh3 Qf1+ 1/2-1/2

[Event "Athens Siaperas Memorial 3rd"]
[Site "Athens"]
[Date "2007.02.10"]
[Round "1"]
[White "Psaroulis, Lykourgos"]
[Black "Lazaridis, Stavros"]
[Result "0-1"]
[WhiteElo "1690"]
[BlackElo "2214"]
[PlyCount "50"]
[EventDate "2007.02.10"]
[EventType "swiss"]
[EventRounds "7"]
[EventCountry "GRE"]
[SourceTitle "EXT 2008"]
[Source "ChessBase"]
[SourceDate "2007.11.25"]
[SourceVersion "1"]
[SourceVersionDate "2007.11.25"]
[SourceQuality "1"]

1. e4 c5 2. Nf3 Nc6 3. d4 cxd4 4. Nxd4 Nf6 5. Nc3 d6 6. Bb5 Bd7 7. 0-0 e6 8. Bg5 Be7 9. Re1 0-0 10. a3 Qc7 11. f4 e5 12. Bxf6 Bxf6 13. Nd5 Qd8 14. Nxf6+ Qxf6 15. Bxc6 bxc6 16. fxe5 Qxe5 17. c3 Rab8 18. Qd2 c5 19. Nf3 Qh5 20. Qxd6 Bg4 21. Ne5 Rfd8 22. Qxc5 Rxb2 23. Qe7 Rxg2+ 24. Kf1 Rf2+ 25. Kxf2 Qxh2+ 0-1

[Event "Ambelokipi op 75th"]
[Site "Athens"]
[Date "2007.01.31"]
[Round "6"]
[White "Volis, Vasilios"]
[Black "Lazaridis, Stavros"]
[Result "0-1"]
[WhiteElo "1895"]
[BlackElo "2214"]
[PlyCount "62"]
[EventDate "2007.01.13"]
[EventType "swiss"]
[EventRounds "7"]
[EventCountry "GRE"]
[SourceTitle "CBM 116 Extra"]
[Source "ChessBase"]
[SourceDate "2007.03.07"]
[SourceVersion "1"]
[SourceVersionDate "2007.03.07"]
[SourceQuality "1"]

1. d4 c5 2. d5 d6 3. c4 g6 4. Nc3 Bg7 5. e4 Nf6 6. Nf3 Bg4 7. Be2 Bxf3 8. Bxf3 0-0 9. 0-0 Na6 10. Be3 Nd7 11. Be2 f5 12. f3 f4 13. Bd2 g5 14. Qc1 Ne5 15. g3 Ng6 16. Kh1 Be5 17. Rg1 Kh8 18. Qf1 Bd4 19. Qh3 Bxg1 20. Rxg1 Nc7 21. Qh6 e5 22. dxe6 Nxe6 23. Nb5 Rf6 24. Bc3 Ne5 25. Nxd6 Nd4 26. Qxg5 Qxd6 27. gxf4 Rg6 28. fxe5 Qe6 29. Qd2 Rxg1+ 30. Kxg1 Rg8+ 31. Kh1 Qg6 0-1

[Event "EU-Cup 08th round of 32"]
[Site "Patras"]
[Date "1991.??.??"]
[Round "1.2"]
[White "Preissmann, Emmanuel"]
[Black "Lazaridis, Stavros"]
[Result "1-0"]
[WhiteElo "2290"]
[BlackElo "2265"]
[PlyCount "77"]
[EventDate "1991.??.??"]
[EventType "team-match"]
[EventRounds "2"]
[EventCountry "GRE"]
[SourceTitle "EXT 2020"]
[Source "ChessBase"]
[SourceDate "2019.10.17"]
[SourceVersion "1"]
[SourceVersionDate "2019.10.17"]
[SourceQuality "1"]
[WhiteTeam "Geneve"]
[BlackTeam "Patron SO"]
[WhiteTeamCountry "SUI"]
[BlackTeamCountry "GRE"]

1. e4 c5 2. Nf3 Nc6 3. Bb5 d6 4. 0-0 Bd7 5. Re1 a6 6. Bf1 Nf6 7. c3 e5 8. d4 cxd4 9. cxd4 Bg4 10. d5 Nd4 11. Be2 Bxf3 12. Bxf3 g6 13. Be3 Qb6 14. Bxd4 Qxd4 15. Qxd4 exd4 16. Na3 Nd7 17. Rad1 Bg7 18. Nc4 Ke7 19. Bg4 Rac8 20. b3 Rc7 21. f4 Rc5 22. e5 dxe5 23. fxe5 Rxd5 24. Bf3 Rb5 25. Rxd4 Rb8 26. Bd5 Nb6 27. Nxb6 Rxb6 28. Rc4 Re8 29. Rc7+ Kd8 30. Rxf7 Bxe5 31. Rd1 Rd6 32. Rxb7 Re7 33. Rb8+ Kc7 34. Ra8 Red7 35. Rc1+ Kb6 36. Bf3 Bb2 37. Rb8+ Ka7 38. Rcc8 Re6 39. Rb4 1-0